Gminy województwa podkarpackiego na mapie - Statystyki

Ogólne statystyki
  • Ten quiz został rozwiązany 1 130 razy
  • Średni wynik to 65 z 160
Odpowiedzi na mapie
Odpowiedzi zakodowano w zielono-czerwonej skali na mapie do tego quizu, zgodnie z poniższymi procentami.
 
Statystyki odpowiedzi
Powiat Typ gminy Gmina % Poprawnych
miasta na prawach powiatu miejska m. Rzeszów
93%
miasta na prawach powiatu miejska m. Przemyśl
83%
miasta na prawach powiatu miejska m. Krosno
82%
przemyski wiejska Przemyśl
82%
sanocki miejska | wiejska Sanok
80%
miasta na prawach powiatu miejska m. Tarnobrzeg
79%
bieszczadzki miejsko-wiejska Ustrzyki Dolne
79%
jarosławski miejska | wiejska Jarosław
78%
łańcucki miejska | wiejska Łańcut
78%
dębicki miejska | wiejska Dębica
76%
jasielski miejska | wiejska Jasło
76%
mielecki miejska | wiejska Mielec
76%
stalowowolski miejska Stalowa Wola
76%
niżański miejsko-wiejska Nisko
74%
ropczycko-sędziszowski miejsko-wiejska Ropczyce
74%
leski miejsko-wiejska Lesko
72%
lubaczowski miejska | wiejska Lubaczów
72%
brzozowski miejsko-wiejska Brzozów
71%
kolbuszowski miejsko-wiejska Kolbuszowa
71%
leżajski miejska | wiejska Leżajsk
71%
strzyżowski miejsko-wiejska Strzyżów
70%
przeworski miejska | wiejska Przeworsk
69%
ropczycko-sędziszowski miejsko-wiejska Sędziszów Małopolski
69%
rzeszowski miejsko-wiejska Boguchwała
65%
rzeszowski miejska | wiejska Dynów
62%
rzeszowski miejsko-wiejska Głogów Małopolski
58%
rzeszowski miejsko-wiejska Sokołów Małopolski
58%
rzeszowski miejsko-wiejska Tyczyn
54%
bieszczadzki | dębicki | łańcucki wiejska Czarna
53%
krośnieński miejsko-wiejska Dukla
53%
krośnieński miejsko-wiejska Iwonicz-Zdrój
51%
dębicki miejsko-wiejska Pilzno
51%
sanocki miejsko-wiejska Zagórz
51%
leski wiejska Cisna
49%
tarnobrzeski miejsko-wiejska Nowa Dęba
48%
krośnieński miejsko-wiejska Rymanów
48%
leski wiejska Solina
48%
tarnobrzeski miejsko-wiejska Baranów Sandomierski
47%
lubaczowski miejsko-wiejska Narol
47%
jarosławski miejska | wiejska Radymno
47%
niżański miejsko-wiejska Rudnik nad Sanem
47%
rzeszowski miejsko-wiejska Błażowa
45%
dębicki miejsko-wiejska Brzostek
45%
bieszczadzki wiejska Lutowiska
45%
krośnieński miejsko-wiejska Jedlicze
44%
przeworski miejsko-wiejska Kańczuga
44%
przemyski wiejska Medyka
44%
przemyski miejsko-wiejska Bircza
43%
leżajski miejsko-wiejska Nowa Sarzyna
43%
rzeszowski wiejska Krasne
42%
przeworski miejsko-wiejska Sieniawa
42%
rzeszowski wiejska Świlcza
42%
przemyski miejsko-wiejska Dubiecko
41%
lubaczowski miejsko-wiejska Oleszyce
41%
rzeszowski wiejska Trzebownisko
41%
przeworski miejsko-wiejska Jawornik Polski
39%
sanocki wiejska Komańcza
39%
lubaczowski miejsko-wiejska Cieszanów
37%
strzyżowski wiejska Czudec
37%
strzyżowski wiejska Frysztak
37%
krośnieński wiejska Miejsce Piastowe
37%
brzozowski wiejska Domaradz
36%
jasielski miejsko-wiejska Kołaczyce
36%
jarosławski miejsko-wiejska Pruchnik
36%
stalowowolski miejsko-wiejska Zaklików
36%
rzeszowski wiejska Kamień
35%
mielecki miejsko-wiejska Przecław
35%
niżański miejsko-wiejska Ulanów
35%
mielecki miejsko-wiejska Radomyśl Wielki
34%
leski wiejska Baligród
33%
lubaczowski wiejska Horyniec-Zdrój
33%
rzeszowski wiejska Hyżne
32%
niżański wiejska Jeżowe
31%
łańcucki wiejska Markowa
31%
strzyżowski wiejska Wiśniowa
31%
rzeszowski wiejska Chmielnik
30%
strzyżowski wiejska Niebylec
30%
lubaczowski wiejska Wielkie Oczy
30%
przemyski wiejska Żurawica
30%
kolbuszowski wiejska Cmolas
29%
rzeszowski wiejska Lubenia
29%
brzozowski wiejska Dydnia
28%
tarnobrzeski wiejska Gorzyce
28%
jasielski wiejska Nowy Żmigród
28%
łańcucki wiejska Żołynia
28%
sanocki wiejska Besko
27%
przemyski wiejska Fredropol
27%
krośnieński wiejska Jaśliska
27%
łańcucki wiejska Rakszawa
27%
przemyski wiejska Krasiczyn
26%
przeworski wiejska Tryńcza
26%
przeworski wiejska Adamówka
25%
łańcucki wiejska Białobrzegi
25%
przeworski wiejska Gać
25%
brzozowski wiejska Haczów
25%
krośnieński wiejska Korczyna
25%
przemyski wiejska Orły
25%
ropczycko-sędziszowski wiejska Wielopole Skrzyńskie
25%
brzozowski wiejska Jasienica Rosielna
24%
krośnieński wiejska Krościenko Wyżne
24%
jarosławski wiejska Wiązownica
24%
jasielski wiejska Krempna
23%
kolbuszowski wiejska Majdan Królewski
23%
ropczycko-sędziszowski wiejska Ostrów
23%
mielecki wiejska Padew Narodowa
23%
kolbuszowski wiejska Raniżów
23%
mielecki wiejska Wadowice Górne
23%
sanocki wiejska Zarszyn
23%
przeworski wiejska Zarzecze
23%
ropczycko-sędziszowski wiejska Iwierzyce
22%
brzozowski wiejska Nozdrzec
22%
leski wiejska Olszanica
22%
jasielski wiejska Skołyszyn
22%
lubaczowski wiejska Stary Dzików
22%
jasielski wiejska Dębowiec
21%
kolbuszowski wiejska Dzikowiec
21%
leżajski wiejska Grodzisko Dolne
21%
dębicki wiejska Jodłowa
21%
leżajski wiejska Kuryłówka
21%
jarosławski wiejska Pawłosiów
20%
jarosławski wiejska Rokietnica
20%
sanocki wiejska Tyrawa Wołoska
20%
jarosławski wiejska Chłopice
19%
tarnobrzeski wiejska Grębów
19%
niżański wiejska Jarocin
19%
przemyski wiejska Krzywcza
19%
jarosławski wiejska Laszki
19%
kolbuszowski wiejska Niwiska
19%
jarosławski wiejska Roźwienica
19%
jasielski wiejska Tarnowiec
19%
mielecki wiejska Tuszów Narodowy
19%
krośnieński wiejska Wojaszówka
19%
stalowowolski wiejska Bojanów
18%
jasielski wiejska Brzyska
18%
sanocki wiejska Bukowsko
18%
niżański wiejska Harasiuki
18%
niżański wiejska Krzeszów
18%
jasielski wiejska Osiek Jasielski
18%
przemyski wiejska Stubno
18%
stalowowolski wiejska Radomyśl nad Sanem
17%
dębicki wiejska Żyraków
17%
krośnieński wiejska Chorkówka
16%
mielecki wiejska Czermin
16%
stalowowolski wiejska Pysznica
15%
mielecki wiejska Borowa
14%
mielecki wiejska Gawłuszowice
13%
stalowowolski wiejska Zaleszany
12%
Nie znaleziono quizów pasujących do podanych kryteriów
Rozkład punktacji
Procent ludzi z każdym wynikiem
Percentyl według liczby udzielonych odpowiedzi
Twoja historia wyników
Nie rozwiązałeś tego quizu